000 00770nam a2200217 i 4500
001 bg
245 0 _aLaboratorium automatyki przemysłowej.
_nCz. 1 /
_c[pod red. Ryszarda Rojka] ; oprac. Karol Grandek [et al.].
260 _aOpole :
_bWSI,
_c1992.
300 _a219 s. :
_brys., wykr.
_c24 cm.
490 1 _aSkrypt Uczelniany / Wyższa Szkoła Inżynierska w Opolu,
_x0860-9004 ;
_vnr 155
504 _aBibliogr. przy ćwiczeniach.
700 1 _aROJEK, Ryszard.
_eRed.
700 1 _aGRANDEK, Karol.
_eoprac.
710 _aWYŻSZA SZKOŁA INŻYNIERSKA (Opole)
830 0 _aSkrypt Uczelniany (Wyższa Szkoła Inżynierska w Opolu) ;
_vnr 155
040 _cBPK
041 _apol
080 _a681.5(075.8)
942 _cKS
008 s pl f |000 0 pol
999 _c6398
_d6398
856 _uhttp://koha.tu.koszalin.pl/cgi-bin/koha/opac-detail.pl?biblionumber=6398
_yKatalog online BPK